000 004820000a22001810004500
003 MACL
005 20150813174536.0
008 150813b xxu||||| |||| 00| 0 eng d
040 _aMACL
_cMACL
041 _aEnglish
082 _a403/RAJ
100 _aRajagopalan, N.
_95499
245 _aThe Eloquent Garland
_bA Classic Dictionary Of Composers & Musicians
260 _bCarnatic Classicals
_c2008
_aChennai
350 _a599
650 _aDictionary
_95501
942 _cBK
_k403
_2ddc
999 _c8820
_d8820